000 00519nam a22001217a 4500
999 _c21461
_d21461
008 240911b ||||| |||| 00| 0 eng d
100 _aRomano, Rizza M.
_eauthor.
_960602
245 _aGrammar and oral language development :
_bdemonstration lesson in english IV explicit teaching /
_cRizza M. Romano.
260 _aPhilippines;
_bPublishers Association of the Philippines, Inc.,
_cOctober 2019.
300 _aVolume 168, pages 186-189,
_billustration.
700 _aRomano, Rizza M.
_eauthor.
_960602
942 _2ddc
_cPER